000 00223nam a22001097a 4500
999 _c65181
_d65178
082 _a297.1226
100 _aMahmoud M.Ayoub
245 _aThe Quran and its Interpreters
260 _aAlbany
300 _a290
942 _cBK